000 00324nam a2200121Ia 4500
008 241015s9999 xx 000 0 und d
041 _aeng
082 _a658.404 DUB
100 _aDubey
245 _aEmerging Technologies For Effective Management
260 _bCengage Learning India
_aDehli
_c2023
300 _a279;. P. 28 cm
999 _c41797
_d41797